[Event "3. Wittelsbacher Weihnachts-Schach-Open"]
[Site "Kelheim"]
[Date "2014.12.27"]
[Round "2.56"]
[White "Schilay, Erich"]
[Black "Bartmann, Florian"]
[Result "0-1"]
[WhiteElo "849"]
[BlackElo "1734"]
[PlyCount "76"]
[EventDate "2014.??.??"]
[WhiteTeam "SK Neumarkt"]
[BlackTeam "SK Kelheim"]

1. e4 c5 2. Nf3 d6 3. d4 cxd4 4. Nxd4 Nf6 5. Nc3 g6 6. Bd3 Bg7 7. Be3 O-O 8.
Nde2 Nc6 9. a3 a6 10. Qd2 Re8 11. O-O d5 12. exd5 Nxd5 13. Nxd5 Qxd5 14. Nc3
Qd8 15. Rad1 Be6 16. Qc1 Qc8 17. Ne2 Bf5 18. Ng3 Bxd3 19. Rxd3 Ne5 20. Rdd1 Qc6
21. Qb1 Rac8 22. c3 Nc4 23. Ne2 e5 24. Nc1 Nxe3 25. fxe3 Qb6 26. Rfe1 Rxc3 27.
Rd3 Rxd3 28. Nxd3 Rd8 29. h3 Qb3 30. Nf2 Rd2 31. Nd1 Bf8 32. Rf1 Bc5 33. Re1
Bxa3 34. Kf1 Be7 35. Qc1 Rc2 36. Qb1 Qd3+ 37. Kg1 Rxg2+ 38. Kxg2 Qxb1 0-1

[Event "3. Wittelsbacher Weihnachts-Schach-Open"]
[Site "Kelheim"]
[Date "2014.12.27"]
[Round "2.57"]
[White "Jaschke, Dieter"]
[Black "Glück, Ulrich"]
[Result "1/2-1/2"]
[WhiteElo "1921"]
[BlackElo "1713"]
[PlyCount "39"]
[EventDate "2014.??.??"]
[WhiteTeam "TSV Kirchenlaibach"]
[BlackTeam "MSA Zugzwang"]

1. d4 d5 2. Nf3 c6 3. e3 Nf6 4. c4 Bf5 5. Nc3 e6 6. Bd3 Bg4 7. h3 Bh5 8. O-O
Nbd7 9. b3 Bb4 10. Bd2 Qa5 11. Nb1 Ne4 12. Bxb4 Qxb4 13. Bxe4 dxe4 14. Qd2 Qe7
15. Nh2 O-O 16. Nc3 f5 17. f3 exf3 18. Nxf3 Rad8 19. Qf2 Bxf3 20. Qxf3 1/2-1/2

[Event "3. Wittelsbacher Weihnachts-Schach-Open"]
[Site "Kelheim"]
[Date "2014.12.27"]
[Round "2.58"]
[White "Kirsch, Reimund"]
[Black "Tautz, Helmut"]
[Result "1/2-1/2"]
[WhiteElo "1792"]
[BlackElo "1539"]
[PlyCount "119"]
[EventDate "2014.??.??"]
[WhiteTeam "SC Beilngries"]
[BlackTeam "SK Kelheim"]

1. e4 Nc6 2. Nf3 e5 3. d4 exd4 4. Nxd4 Qh4 5. Nb5 Qxe4+ 6. Qe2 Qxe2+ 7. Bxe2
Bb4+ 8. Bd2 Kd8 9. O-O Bxd2 10. Nxd2 a6 11. Na3 Nf6 12. Rfe1 d6 13. Nf3 h6 14.
Rad1 Re8 15. c3 Be6 16. b3 Ke7 17. Nc2 Kf8 18. Ncd4 Ne4 19. Nxe6+ fxe6 20. Rd3
b5 21. Nh4 Nf6 22. Bf3 d5 23. c4 bxc4 24. bxc4 Nb4 25. Rd2 a5 26. a3 Na6 27.
cxd5 exd5 28. Ng6+ Kg8 29. Ne5 c6 30. Kf1 Rac8 31. g4 Ne4 32. Bxe4 dxe4 33.
Rxe4 Nc7 34. Rde2 Nd5 35. Nc4 Rxe4 36. Rxe4 a4 37. Ke1 Rb8 38. Re6 c5 39. Rc6
Rb5 40. Nd6 Ra5 41. Nb7 Rb5 42. Nxc5 Nf4 43. Nxa4 Rb1+ 44. Kd2 Rh1 45. Nc3 Rxh2
46. Ke3 Nh3 47. Ne4 Rh1 48. Kf3 Ra1 49. Rc3 Ng1+ 50. Ke3 Re1+ 51. Kd3 Nf3 52.
a4 Ra1 53. Nc5 Ne5+ 54. Ke4 Nxg4 55. Rf3 Nf6+ 56. Kf5 Rc1 57. Nd3 Ra1 58. Nb2
Nd7 59. Rf4 Kh7 60. Rb4 1/2-1/2

[Event "3. Wittelsbacher Weihnachts-Schach-Open"]
[Site "Kelheim"]
[Date "2014.12.27"]
[Round "2.59"]
[White "Aigner, Georg"]
[Black "Mack, Patrick"]
[Result "1/2-1/2"]
[WhiteElo "1845"]
[BlackElo "1345"]
[PlyCount "120"]
[EventDate "2014.??.??"]
[WhiteTeam "TSV Dietfurt/Altm."]
[BlackTeam "SC Bechhofen"]

1. e4 d5 2. exd5 Nf6 3. Nc3 Nxd5 4. d4 e6 5. Nf3 Bb4 6. Bd2 O-O 7. Bd3 b6 8.
O-O Bb7 9. Nxd5 Bxd2 10. Nxc7 Qxc7 11. Nxd2 f5 12. Re1 Rf6 13. Bc4 Qd6 14. Qe2
Bc8 15. d5 exd5 16. Bb3 Re6 17. Qd3 Bb7 18. Qxf5 Rf6 19. Qe5 Qd8 20. Qe8+ Qxe8
21. Rxe8+ Kf7 22. Rae1 Bc6 23. R1e7+ Kg6 24. Rg8 Rf7 25. Re6+ Rf6 26. Re3 Rf7
27. Nf3 Nd7 28. Rxa8 Bxa8 29. c3 Kf6 30. Nd4 Nc5 31. Rf3+ Ke7 32. Rxf7+ Kxf7
33. Bc2 h6 34. f3 Nd7 35. Nb5 a6 36. Nd4 Ne5 37. b3 Kf6 38. Kf2 Bb7 39. Ke3 Nf7
40. Ne2 Nd8 41. f4 Nc6 42. g4 Bc8 43. h3 g5 44. f5 Bd7 45. Bd3 a5 46. Nd4 Ke5
47. Bb5 Nxd4 48. cxd4+ Kd6 49. Bxd7 Kxd7 50. Kf3 Ke7 51. a4 Kf6 52. Ke3 Ke7 53.
Kd3 Kd6 54. Kc3 Kd7 55. Kd3 Kd6 56. Ke3 Ke7 57. Kf3 Kf6 58. Kg3 Kf7 59. h4 Kf6
60. hxg5+ hxg5 1/2-1/2

[Event "3. Wittelsbacher Weihnachts-Schach-Open"]
[Site "Kelheim"]
[Date "2014.12.27"]
[Round "2.60"]
[White "Lohr, Maximilian"]
[Black "Helf, Stefan"]
[Result "0-1"]
[WhiteElo "1318"]
[BlackElo "1667"]
[PlyCount "84"]
[EventDate "2014.??.??"]
[WhiteTeam "TSV Mainburg"]
[BlackTeam "SK Abensberg"]

1. e4 c5 2. d4 cxd4 3. c3 Nf6 4. e5 Nd5 5. cxd4 e6 6. Bc4 Nb6 7. Bb3 Nc6 8. Nf3
d6 9. O-O Be7 10. Nc3 a6 11. Bf4 d5 12. Rc1 Na5 13. Ba4+ Bd7 14. Bxd7+ Qxd7 15.
b3 O-O 16. Qd3 Rac8 17. Bg5 Ba3 18. Rc2 Nc6 19. Re2 Nb4 20. Qe3 Rc7 21. Nb1 Nc2
22. Qd3 Qc6 23. Nxa3 Nxa3 24. Rc1 Qd7 25. Rxc7 Qxc7 26. Bf4 h6 27. Qd2 Rc8 28.
Re1 Qc3 29. Qc1 Nc2 30. Bd2 Qd3 31. Rd1 Nxd4 32. Qb1 Nxf3+ 33. gxf3 Qxf3 34.
Be3 Nd7 35. Rc1 Rxc1+ 36. Qxc1 Nxe5 37. Qc8+ Kh7 38. Qxb7 Qh3 39. f3 Qxf3 40.
Bb6 Nd3 41. Qxa6 Nf4 42. h4 Qg2# 0-1

[Event "3. Wittelsbacher Weihnachts-Schach-Open"]
[Site "Kelheim"]
[Date "2014.12.27"]
[Round "2.61"]
[White "Scholz, Gerhart"]
[Black "Kukulina, Sonja"]
[Result "1/2-1/2"]
[WhiteElo "1549"]
[BlackElo "1482"]
[PlyCount "77"]
[EventDate "2014.??.??"]
[WhiteTeam "SK Abensberg"]
[BlackTeam "SK M?nchen S?dost"]

1. d4 d5 2. Bf4 e6 3. Nf3 Nf6 4. e3 c5 5. c3 Nbd7 6. Bb5 a6 7. Bxd7+ Bxd7 8.
O-O Be7 9. Ne5 O-O 10. Nd2 Ne8 11. Re1 f6 12. Nxd7 Qxd7 13. e4 Bd6 14. Bxd6
Qxd6 15. dxc5 Qxc5 16. Nb3 Qd6 17. Qe2 Nc7 18. Rad1 Qc6 19. Nd4 Qd7 20. exd5
exd5 21. Qe7 Rf7 22. Qxd7 Rxd7 23. Re3 Nb5 24. Rde1 Nxd4 25. cxd4 Rc7 26. b3
Rc2 27. R3e2 Rxe2 28. Rxe2 Rc8 29. f3 Rc3 30. Rd2 b5 31. Kf2 a5 32. Ke2 a4 33.
bxa4 bxa4 34. Rd3 Rc2+ 35. Rd2 Rc4 36. Kd3 a3 37. Rc2 Rb4 38. Rc5 Rb2 39. Rc2
1/2-1/2

[Event "3. Wittelsbacher Weihnachts-Schach-Open"]
[Site "Kelheim"]
[Date "2014.12.27"]
[Round "2.62"]
[White "Kornitzky, Tino"]
[Black "Schwab, Leon"]
[Result "1/2-1/2"]
[WhiteElo "1627"]
[BlackElo "1237"]
[PlyCount "97"]
[EventDate "2014.??.??"]
[WhiteTeam "TSV Bindlach"]
[BlackTeam "SK Kelheim"]

1. d4 d6 2. c4 Nf6 3. Nc3 g6 4. e4 Bg7 5. Nf3 O-O 6. Be2 Nc6 7. d5 Nb4 8. a3
Na6 9. Qc2 e5 10. O-O Ng4 11. Bg5 Qe8 12. Nd2 f5 13. f3 Nf6 14. Be3 f4 15. Bf2
g5 16. b4 Qh5 17. c5 Rf7 18. cxd6 cxd6 19. Nb5 Bf8 20. Nc4 g4 21. Nbxd6 Bxd6
22. Nxd6 Rc7 23. Qb3 Rg7 24. Nxc8 g3 25. d6+ Kh8 26. Bxg3 fxg3 27. h3 Rxc8 28.
Qe6 Rf8 29. Rfc1 Qg5 30. Bxa6 bxa6 31. Rc7 Re8 32. Rc8 Rgg8 33. Rxe8 Rxe8 34.
Qf7 Qg7 35. Qc4 Qb7 36. Rd1 Qb6+ 37. Kh1 Rd8 38. Qe6 Nd7 39. Qc4 a5 40. Qc7
axb4 41. axb4 Nf6 42. Qe7 Nd7 43. Rd5 a5 44. Rb5 Rc8 45. Rc5 Nxc5 46. Qxe5+ Kg8
47. Qxg3+ Kf7 48. Qf4+ Ke8 49. Qe5+ 1/2-1/2

[Event "3. Wittelsbacher Weihnachts-Schach-Open"]
[Site "Kelheim"]
[Date "2014.12.27"]
[Round "2.64"]
[White "Oberley, Karl-Heinz"]
[Black "Schulz, Angelika"]
[Result "0-1"]
[WhiteElo "1118"]
[BlackElo "1503"]
[PlyCount "72"]
[EventDate "2014.??.??"]
[WhiteTeam "SK Ingolstadt"]
[BlackTeam "SV Erkenschwick"]

1. e4 g6 2. Nf3 Bg7 3. d4 d6 4. Bc4 Bg4 5. Bxf7+ Kd7 6. Bxg8 Bxf3 7. gxf3 Rxg8
8. Be3 Qf8 9. Nd2 Nc6 10. c3 Qf7 11. Qa4 e6 12. Qc4 a6 13. Qd3 b5 14. f4 Rae8
15. O-O-O Rgf8 16. Nf3 h6 17. d5 exd5 18. exd5 Na5 19. b3 g5 20. Rhe1 gxf4 21.
Bd4 Bxd4 22. Qxd4 Rxe1 23. Rxe1 Nb7 24. Re6 Qh5 25. Qg7+ Rf7 26. Ne5+ dxe5 27.
Qxh6 Qxh6 28. Rxh6 Nc5 29. Kc2 Rg7 30. b4 Ne4 31. Rxa6 Rg2 32. Kb3 Rxf2 33. h4
Rh2 34. Rh6 f3 35. a4 bxa4+ 36. Kxa4 f2 0-1

[Event "3. Wittelsbacher Weihnachts-Schach-Open"]
[Site "Kelheim"]
[Date "2014.12.27"]
[Round "2.65"]
[White "Huchler Stefan"]
[Black "Grieneisen Pivatto, Vivian"]
[Result "1/2-1/2"]
[WhiteElo "1488"]
[BlackElo "1133"]
[PlyCount "40"]
[EventDate "2014.??.??"]
[WhiteTeam "SK Hohenems"]
[BlackTeam "FSV Großenseebach"]

1. e4 c5 2. c3 e6 3. Nf3 Nc6 4. d4 cxd4 5. Nxd4 e5 6. Nf3 Nf6 7. Bg5 h6 8. Bh4
Be7 9. Bd3 d5 10. Bxf6 Bxf6 11. Nbd2 Be6 12. O-O O-O 13. Qc2 Rc8 14. exd5 Bxd5
15. Ne4 Nb4 16. Qe2 Nxd3 17. Qxd3 Bxe4 18. Qxe4 Qc7 19. Rac1 Rfe8 20. Rfe1 Qb6
1/2-1/2

[Event "3. Wittelsbacher Weihnachts-Schach-Open"]
[Site "Kelheim"]
[Date "2014.12.27"]
[Round "2.66"]
[White "Grieneisen Pivatto, Marcus"]
[Black "Guckes, Fabian"]
[Result "0-1"]
[WhiteElo "1074"]
[BlackElo "1524"]
[PlyCount "92"]
[EventDate "2014.??.??"]
[WhiteTeam "FSV Gro?enseebach"]
[BlackTeam "SV Worms"]

1. d4 Nf6 2. c4 d6 3. Nc3 g6 4. Nf3 Bg7 5. e4 O-O 6. h3 e5 7. d5 Ne8 8. g4 f5
9. gxf5 gxf5 10. Bg5 Nf6 11. Rg1 Kh8 12. Nh4 Qe8 13. Bxf6 Rxf6 14. Qd2 f4 15.
Nf3 Nd7 16. Nb5 Qd8 17. b4 a6 18. Nc3 Qe7 19. h4 Nf8 20. O-O-O Rg6 21. h5 Rxg1
22. Nxg1 Qg5 23. Be2 Bg4 24. Bxg4 Qxg4 25. Qe2 Qxe2 26. Ngxe2 Nd7 27. f3 Nf6
28. Rh1 Bf8 29. Nd1 Kg7 30. Nf2 Kh6 31. Ng4+ Nxg4 32. fxg4 Be7 33. Nc3 Rg8 34.
Rg1 b6 35. Nd1 Bh4 36. Kd2 Bg3 37. Ke2 Rxg4 38. Nf2 Rg5 39. Rh1 Bxf2 40. Kxf2
Rxh5 41. Rxh5+ Kxh5 42. Kf3 Kh4 43. a4 a5 44. b5 Kh3 45. Kf2 Kg4 46. Kg2 h5 0-1

[Event "3. Wittelsbacher Weihnachts-Schach-Open"]
[Site "Kelheim"]
[Date "2014.12.27"]
[Round "2.67"]
[White "Simon, Manuel"]
[Black "Boos-Guckes, Astrid"]
[Result "1-0"]
[WhiteElo "1609"]
[BlackElo "1078"]
[PlyCount "111"]
[EventDate "2014.??.??"]
[WhiteTeam "SK M?mbris"]
[BlackTeam "SV Worms"]

1. e4 d6 2. d4 Nf6 3. Nc3 g6 4. Be3 Bg7 5. Qd2 O-O 6. Bd3 Ng4 7. Nge2 Nxe3 8.
Qxe3 c6 9. O-O b5 10. Kh1 a5 11. f4 b4 12. Nb1 Ba6 13. Nd2 Bxd3 14. cxd3 Qb6
15. Nc4 Qc7 16. e5 d5 17. Nd2 e6 18. Nb3 Nd7 19. Qd2 c5 20. Nxc5 Nxc5 21. Rfc1
Qb6 22. dxc5 Qc7 23. b3 f6 24. d4 fxe5 25. fxe5 Rf2 26. Rf1 Raf8 27. Kg1 Qf7
28. Qe1 Rxf1+ 29. Qxf1 Bh6 30. Qxf7+ Rxf7 31. Rd1 Be3+ 32. Kh1 Rf2 33. Nc1 Kg7
34. Nd3 Rxa2 35. Ne1 Rb2 36. c6 Rxb3 37. c7 Rc3 38. Rd3 Rxc7 39. Rxe3 Rc3 40.
Rxc3 bxc3 41. Nc2 a4 42. Kg1 g5 43. g4 Kg6 44. Kf2 h5 45. h3 h4 46. Ke3 Kf7 47.
Kd3 Ke7 48. Kxc3 Kd7 49. Kb4 Kc6 50. Kxa4 Kd7 51. Kb5 Kc7 52. Kc5 Kd7 53. Kb6
Ke7 54. Kc7 Ke8 55. Kd6 Kf7 56. Kd7 1-0

[Event "3. Wittelsbacher Weihnachts-Schach-Open"]
[Site "Kelheim"]
[Date "2014.12.27"]
[Round "2.68"]
[White "Guckes, Simon"]
[Black "Krause, Karl-Heinz"]
[Result "1-0"]
[WhiteElo "1007"]
[BlackElo "1474"]
[PlyCount "64"]
[EventDate "2014.??.??"]
[WhiteTeam "SV Worms"]
[BlackTeam "SK Landau-Dingolfing"]

1. e4 c5 2. Nf3 e6 3. d4 Nc6 4. Bb5 cxd4 5. Nxd4 Nxd4 6. Qxd4 Nf6 7. O-O Be7 8.
e5 Nd5 9. Qg4 g6 10. Bh6 f6 11. Re1 Qa5 12. Na3 Bxa3 13. bxa3 Qxb5 14. Bg7 Rg8
15. exf6 Kf7 16. Qg5 Qb2 17. Qxd5 Qxa1 18. Qd2 Qb2 19. Qh6 Qxa3 20. Qxh7 Rxg7
21. Qxg7+ Ke8 22. Qxg6+ Kd8 23. f7 Qf8 24. Re5 d6 25. Re4 Bd7 26. Rc4 Bc8 27.
Qg8 Ke7 28. Rc7+ Bd7 29. Qg5+ Kxf7 30. Rxd7+ Ke8 31. Rxb7 a6 32. Qg6+ Kd8 1-0

[Event "3. Wittelsbacher Weihnachts-Schach-Open"]
[Site "Kelheim"]
[Date "2014.12.27"]
[Round "2.69"]
[White "Fritsch, Julian"]
[Black "Grieneisen Pivatto, Tanja"]
[Result "1-0"]
[WhiteElo "1346"]
[BlackElo "1048"]
[PlyCount "67"]
[EventDate "2014.??.??"]
[WhiteTeam "SK Kelheim"]
[BlackTeam "FSV Großenseebach"]

1. d4 f6 2. c4 d6 3. e4 Nc6 4. d5 Ne5 5. f4 Ng4 6. h3 N4h6 7. Nf3 g6 8. e5 Nf5
9. g4 Ng3 10. Rg1 Nxf1 11. e6 f5 12. gxf5 Nf6 13. fxg6 hxg6 14. Rxf1 Rxh3 15.
Ng5 c6 16. Nxh3 Qa5+ 17. Qd2 Qb6 18. Qe3 cxd5 19. Qxb6 axb6 20. cxd5 Bh6 21.
Ng5 Nxd5 22. Nc3 Nb4 23. Kd2 Bg7 24. a3 Ra5 25. Rb1 Nc6 26. b4 Rf5 27. Kd3 d5
28. Nb5 d4 29. Nc7+ Kd8 30. Na8 Ne5+ 31. Kxd4 Nf3+ 32. Kc4 Nxg5 33. Rd1+ Ke8
34. Nc7+ 1-0

[Event "3. Wittelsbacher Weihnachts-Schach-Open"]
[Site "Kelheim"]
[Date "2014.12.27"]
[Round "2.70"]
[White "Hofer, Jakob"]
[Black "Voigt, Tobias"]
[Result "0-1"]
[WhiteElo "784"]
[BlackElo "1582"]
[PlyCount "74"]
[EventDate "2014.??.??"]
[WhiteTeam "SK Kelheim"]
[BlackTeam "SK München Südost"]

1. e4 e6 2. Nf3 d5 3. exd5 exd5 4. Nc3 Nf6 5. d4 Nc6 6. Bd3 Bg4 7. O-O Be7 8.
Be2 O-O 9. Ne5 Bxe2 10. Qxe2 Nxd4 11. Qd3 Ne6 12. Be3 d4 13. Rfe1 dxe3 14. Qxe3
Qd4 15. Qg3 Bd6 16. Rad1 Bxe5 17. Rxe5 Qf4 18. Ne2 Qxg3 19. Nxg3 Rad8 20. Rde1
Nd4 21. Rc1 Rfe8 22. Rc5 Ne4 23. Nxe4 Ne2+ 24. Kf1 Nxc1 25. Nc3 Rd7 26. g3 g6
27. a3 c6 28. Rc4 Rd2 29. Kg2 Ne2 30. Nxe2 Rexe2 31. Kf3 Rxf2+ 32. Kg4 h5+ 33.
Kg5 Kg7 34. h3 f6+ 35. Kh4 Kh6 36. Rc5 g5+ 37. Rxg5 fxg5# 0-1

[Event "3. Wittelsbacher Weihnachts-Schach-Open"]
[Site "Kelheim"]
[Date "2014.12.27"]
[Round "2.71"]
[White "B?se, Christina"]
[Black "M?hlich, Raphael"]
[Result "1-0"]
[WhiteElo "1414"]
[BlackElo "785"]
[PlyCount "79"]
[EventDate "2014.??.??"]
[WhiteTeam "SC Bechhofen"]
[BlackTeam "SK Kelheim"]

1. e4 e5 2. Nf3 Nc6 3. d4 exd4 4. Nxd4 Nf6 5. Nc3 Bc5 6. Be3 d6 7. Nxc6 bxc6 8.
Bxc5 dxc5 9. Qxd8+ Kxd8 10. O-O-O+ Ke7 11. Bc4 Re8 12. Rhe1 Kf8 13. h3 Rb8 14.
e5 Nd7 15. e6 fxe6 16. Rxe6 Rxe6 17. Bxe6 Nb6 18. Bxc8 Rxc8 19. Ne4 c4 20. g4
Nd5 21. Rd4 Nb6 22. f4 Re8 23. h4 Nd5 24. f5 Kf7 25. Ng5+ Kg8 26. Rxc4 Ne3 27.
Rxc6 Rd8 28. b3 Rd7 29. Re6 Kf8 30. Rxe3 h6 31. Ne6+ Kf7 32. c4 Kf6 33. Kc2 c6
34. Nc5 Rd4 35. Re6+ Kf7 36. g5 hxg5 37. hxg5 Rf4 38. g6+ Kf8 39. Nd7+ Kg8 40.
Re8# 1-0

[Event "3. Wittelsbacher Weihnachts-Schach-Open"]
[Site "Kelheim"]
[Date "2014.12.27"]
[Round "2.63"]
[White "Klausmann, Leonard"]
[Black "Grieneisen Pivatto, Nicolas"]
[Result "1-0"]
[WhiteElo "1504"]
[BlackElo "1358"]
[PlyCount "49"]
[EventDate "2014.??.??"]
[WhiteTeam "TSV Kareth-Lappersdorf"]
[BlackTeam "FSV Großenseebach"]

1. e4 e5 2. Nf3 Nc6 3. d4 exd4 4. Bc4 Bc5 5. c3 dxc3 6. Bxf7+ Kxf7 7. Qd5+ Ke8
8. Qxc5 cxb2 9. Bxb2 Nf6 10. Nbd2 d6 11. Qg5 Qe7 12. O-O Be6 13. e5 dxe5 14.
Nxe5 Nxe5 15. Qxe5 Rd8 16. Ne4 Nxe4 17. Qxe4 b6 18. Rfe1 Rd6 19. Qa8+ Rd8 20.
Qc6+ Kf7 21. Re3 Qd6 22. Qf3+ Ke8 23. Rae1 Rf8 24. Rxe6+ Qxe6 25. Rxe6+ 1-0

[Event "3. Wittelsbacher Weihnachts-Schach-Open"]
[Site "Kelheim"]
[Date "2014.12.28"]
[Round "3.1"]
[White "Maurer, Heinrich"]
[Black "Krivoborodov, Egor"]
[Result "1/2-1/2"]
[WhiteElo "2104"]
[BlackElo "2517"]
[PlyCount "131"]
[EventDate "2014.??.??"]
[WhiteTeam "SK Kelheim"]
[BlackTeam "SC Garching"]

1. e4 c5 2. Nf3 Nc6 3. d4 cxd4 4. Nxd4 g6 5. Nc3 Bg7 6. Be3 Nf6 7. Nxc6 dxc6 8.
Qxd8+ Kxd8 9. O-O-O+ Ke8 10. f3 Nd7 11. Bd4 Bxd4 12. Rxd4 e5 13. Rd2 Nc5 14.
Bc4 Be6 15. Bxe6 Nxe6 16. Rhd1 Rd8 17. Ne2 Ke7 18. c3 a5 19. Rxd8 Nxd8 20. Kd2
Ne6 21. Ke3 h5 22. g3 h4 23. g4 Ra8 24. f4 exf4+ 25. Nxf4 a4 26. Nxe6 Kxe6 27.
Kf4 Ra5 28. g5 Rb5 29. Rd2 h3 30. Re2 Rc5 31. Re3 Rb5 32. Re2 c5 33. c4 Rb4 34.
Rc2 Kd6 35. a3 Rb3 36. Rd2+ Ke6 37. e5 b5 38. cxb5 Rxb5 39. Rd6+ Ke7 40. Rd2
Rb3 41. Ke4 c4 42. Kd4 c3 43. bxc3 Rxa3 44. Kc4 Rb3 45. Ra2 Ke6 46. Rxa4 Rb2
47. Kd4 Rxh2 48. Ra6+ Kf5 49. Rf6+ Kxg5 50. Rxf7 Rh1 51. Rf2 h2 52. Rd2 Kf4 53.
Kd5 g5 54. e6 g4 55. e7 Re1 56. Rxh2 Rxe7 57. Rf2+ Kg5 58. c4 g3 59. Rg2 Kf4
60. c5 Kf3 61. Rxg3+ Kxg3 62. Kd6 Re1 63. c6 Kf4 64. Kd7 Ke5 65. c7 Rd1+ 66.
Ke7 1/2-1/2

[Event "3. Wittelsbacher Weihnachts-Schach-Open"]
[Site "Kelheim"]
[Date "2014.12.28"]
[Round "3.2"]
[White "Plat, Vojtech"]
[Black "Müller, Daniel"]
[Result "1-0"]
[WhiteElo "2432"]
[BlackElo "2045"]
[PlyCount "69"]
[EventDate "2014.??.??"]
[WhiteTeam "SK König Plauen"]
[BlackTeam "TG Biberach"]

1. e4 c5 2. Nf3 e6 3. d4 cxd4 4. Nxd4 a6 5. c4 Nf6 6. Bd3 Nc6 7. Nc2 Be7 8. O-O
Ne5 9. Nc3 Nxd3 10. Qxd3 d6 11. Bf4 O-O 12. Rad1 Qb6 13. b3 Rd8 14. Na4 Qa5 15.
Bd2 Qc7 16. Nd4 Bd7 17. Nc3 Qb8 18. a4 b6 19. Rfe1 Ne8 20. Qg3 Kh8 21. Bc1 Nc7
22. Nf3 Be8 23. Bf4 e5 24. Nxe5 b5 25. Nf3 bxc4 26. bxc4 Qb4 27. Nd4 g6 28. e5
d5 29. e6 Nxe6 30. Nxd5 Qb7 31. Nxe6 fxe6 32. Rb1 Qa7 33. Be3 Bc5 34. Bxc5 Qxc5
35. Qe5+ 1-0

[Event "3. Wittelsbacher Weihnachts-Schach-Open"]
[Site "Kelheim"]
[Date "2014.12.28"]
[Round "3.3"]
[White "Weigert, Wilhelm"]
[Black "Pacher, Milan"]
[Result "0-1"]
[WhiteElo "2040"]
[BlackElo "2432"]
[PlyCount "43"]
[EventDate "2014.??.??"]
[WhiteTeam "SK Kelheim"]

1. Nf3 d5 2. c4 d4 3. g3 Nc6 4. Bg2 e5 5. d3 Bb4+ 6. Bd2 a5 7. Na3 Nf6 8. Nc2
O-O 9. Nxb4 axb4 10. O-O Re8 11. e4 dxe3 12. Bxe3 h6 13. d4 e4 14. Ne1 Bg4 15.
Qd2 b3 16. a3 Ra4 17. Rc1 Na5 18. h3 Bd7 19. Qe2 Nxc4 20. Qd1 Na5 21. Bf4 Be6
22. Rc6 0-1

[Event "3. Wittelsbacher Weihnachts-Schach-Open"]
[Site "Kelheim"]
[Date "2014.12.28"]
[Round "3.4"]
[White "Vilsmeier, Christian"]
[Black "Reinhardt, Bernd"]
[Result "1/2-1/2"]
[WhiteElo "1989"]
[BlackElo "2225"]
[PlyCount "83"]
[EventDate "2014.??.??"]
[WhiteTeam "DJK-Regensburg Nord"]
[BlackTeam "BG Buchen"]

1. e4 d6 2. d4 g6 3. c4 Bg7 4. Nc3 e5 5. d5 Nd7 6. Be3 Bh6 7. Bxh6 Nxh6 8. Be2
O-O 9. Qd2 Kg7 10. h4 f6 11. h5 g5 12. g4 Nc5 13. f3 a5 14. b3 c6 15. Nh3 Nf7
16. O-O Bd7 17. Nf2 Qb6 18. Rab1 cxd5 19. Nxd5 Qa7 20. Ne3 Ne6 21. Nf5+ Kg8 22.
Rfd1 Nf4 23. Kf1 Rfd8 24. Qc2 Qc5 25. a4 Kf8 26. Qd2 Be6 27. Qe3 b6 28. Qxc5
bxc5 29. Ne3 Rab8 30. Nc2 Bd7 31. Na3 Ne6 32. Rd2 Nd4 33. Nb5 Ke7 34. Nd1 Be6
35. Ne3 Rd7 36. Bd1 Nd8 37. Kf2 N8c6 38. Ra1 Ra8 39. Kg3 Rb7 40. Kf2 Nb4 41.
Kg3 Nbc6 42. Kf2 1/2-1/2

[Event "3. Wittelsbacher Weihnachts-Schach-Open"]
[Site "Kelheim"]
[Date "2014.12.28"]
[Round "3.6"]
[White "Stöckl, Patrick"]
[Black "Müller, Richard"]
[Result "0-1"]
[WhiteElo "1524"]
[BlackElo "2155"]
[PlyCount "74"]
[EventDate "2014.??.??"]
[WhiteTeam "TSV Dietfurt/Altm."]
[BlackTeam "TuS Coswig"]

1. e4 c5 2. g3 Nc6 3. Bg2 e6 4. d3 g6 5. f4 d6 6. Nf3 Bg7 7. c3 Nge7 8. O-O O-O
9. Be3 b6 10. d4 Ba6 11. Re1 cxd4 12. cxd4 Rc8 13. Nc3 Qd7 14. a3 Na5 15. Bf1
Bxf1 16. Kxf1 Qb7 17. Rc1 Nc4 18. Qe2 b5 19. b3 Nxa3 20. Bd2 a5 21. Nb1 Nc2 22.
Red1 Nxd4 23. Nxd4 Bxd4 24. Bxa5 e5 25. Na3 Nc6 26. Nxb5 Nxa5 27. Nxd6 Qd7 28.
Nxc8 Rxc8 29. Rxc8+ Qxc8 30. Qb5 Qh3+ 31. Ke1 Bc3+ 32. Kf2 Qxh2+ 33. Kf3 Qh5+
34. g4 Qh3+ 35. Kf2 Qh2+ 36. Kf1 Qxf4+ 37. Kg2 Qxg4+ 0-1

[Event "3. Wittelsbacher Weihnachts-Schach-Open"]
[Site "Kelheim"]
[Date "2014.12.28"]
[Round "3.7"]
[White "Fuhrmann, Max"]
[Black "Alsheimer, Lea"]
[Result "1-0"]
[WhiteElo "2143"]
[BlackElo "1616"]
[PlyCount "71"]
[EventDate "2014.??.??"]
[WhiteTeam "SK Kelheim"]
[BlackTeam "SC Bechhofen"]

1. e4 d6 2. d4 Nf6 3. Nc3 g6 4. f4 Bg7 5. Nf3 Nc6 6. Be3 Ng4 7. Bg1 Bd7 8. h3
Nf6 9. Bh2 e6 10. Qd2 Qe7 11. Bd3 O-O-O 12. O-O-O h5 13. Kb1 Kb8 14. Rhe1 Rhe8
15. Qf2 b6 16. e5 dxe5 17. fxe5 Nh7 18. Ne4 Nb4 19. Bc4 Bc6 20. a3 Nd5 21. Bg3
Bh6 22. Bb3 Qd7 23. Bh4 Rc8 24. c4 Ne7 25. Qc2 Nf5 26. Bf2 Bxe4 27. Qxe4 c6 28.
d5 exd5 29. cxd5 Nd6 30. Qa4 Nb7 31. dxc6 Qxc6 32. Qxc6 Rxc6 33. Ba4 Rcc8 34.
Bxe8 Rxe8 35. Rd7 Rf8 36. e6 1-0

[Event "3. Wittelsbacher Weihnachts-Schach-Open"]
[Site "Kelheim"]
[Date "2014.12.28"]
[Round "3.9"]
[White "Pezerovic, Edin"]
[Black "Meyer, Nico"]
[Result "1-0"]
[WhiteElo "2418"]
[BlackElo "1386"]
[PlyCount "71"]
[EventDate "2014.??.??"]
[WhiteTeam "Münchener SC"]
[BlackTeam "SC Bechhofen"]

1. d4 c5 2. c3 e6 3. Nf3 Nc6 4. e4 cxd4 5. cxd4 d5 6. e5 Bb4+ 7. Nc3 Nge7 8.
Bd3 Ng6 9. O-O Be7 10. g3 Bd7 11. h4 Nb4 12. Bb1 Nf8 13. Be3 h6 14. a3 Nc6 15.
b4 a6 16. Na4 b6 17. Bd3 a5 18. b5 Na7 19. Qb3 Nh7 20. Qb1 Nf8 21. Nc3 g5 22.
h5 Rg8 23. Nh2 f5 24. exf6 Bxf6 25. Ng4 Bg7 26. a4 Nc8 27. Re1 Ne7 28. Qd1 Nc8
29. Nxd5 Ne7 30. Ndf6+ Kf7 31. Qf3 Nf5 32. Nxd7 Nxd7 33. Bxf5 exf5 34. Qxf5+
Nf6 35. Bxg5 hxg5 36. Ne5+ 1-0

[Event "3. Wittelsbacher Weihnachts-Schach-Open"]
[Site "Kelheim"]
[Date "2014.12.28"]
[Round "3.10"]
[White "Stadler, Wolfgang"]
[Black "Böttger, Lukas"]
[Result "0-1"]
[WhiteElo "2059"]
[BlackElo "2236"]
[PlyCount "52"]
[EventDate "2014.??.??"]
[WhiteTeam "SK München Südost"]
[BlackTeam "TuS Coswig"]

1. e4 d5 2. exd5 Qxd5 3. Nc3 Qa5 4. d4 Nf6 5. Bc4 Bg4 6. f3 Bh5 7. Bd2 Qb6 8.
Qe2 Nc6 9. Na4 Qxd4 10. O-O-O O-O-O 11. Nh3 Qe5 12. Qf1 e6 13. g4 Bg6 14. Qg2
Bb4 15. c3 Be7 16. Bb3 Qa5 17. Qf2 Ne5 18. Nf4 Nd5 19. c4 Nxf4 20. Bxf4 Nd3+
21. Rxd3 Rxd3 22. Bc2 Rd7 23. Bd2 Qa6 24. Bb3 Rhd8 25. Be3 Qa5 26. Nc3 Bb4 0-1

[Event "3. Wittelsbacher Weihnachts-Schach-Open"]
[Site "Kelheim"]
[Date "2014.12.28"]
[Round "3.11"]
[White "Gießmann, Stephan"]
[Black "Gabler, Eric"]
[Result "1/2-1/2"]
[WhiteElo "2266"]
[BlackElo "1864"]
[PlyCount "105"]
[EventDate "2014.??.??"]
[WhiteTeam "SK Kelheim"]
[BlackTeam "TV Geiselhöring"]

1. d4 d5 2. c4 e6 3. Nc3 Nf6 4. Bg5 Nbd7 5. e3 c6 6. cxd5 exd5 7. Bd3 Bd6 8.
Nf3 O-O 9. O-O h6 10. Bh4 Re8 11. Qc2 Nf8 12. Bg3 Bxg3 13. hxg3 Qd6 14. Rab1
Bg4 15. b4 N8d7 16. Rfe1 a6 17. Na4 b5 18. Nc5 Nxc5 19. bxc5 Qc7 20. Ne5 Rad8
21. Qc3 Bc8 22. Bc2 g6 23. f3 Nd7 24. f4 Nxe5 25. dxe5 Qd7 26. Rbd1 Qe6 27. Rd4
f5 28. Bb3 Kg7 29. e4 fxe4 30. Rdxe4 Rf8 31. Rd4 Qe7 32. Rc1 Be6 33. Qa5 Qb7
34. Bd1 h5 35. Bf3 Ra8 36. a4 Rab8 37. Ra1 Ra8 38. Qc3 Rfb8 39. Rb1 Qc7 40. Kf2
Ra7 41. a5 Qd7 42. Rh1 Rh8 43. f5 gxf5 44. Rdh4 Raa8 45. Qe3 Qe7 46. Bxh5 Rh7
47. Bg6 Rxh4 48. Rxh4 Rh8 49. Rxh8 Kxh8 50. Qh6+ Kg8 51. Bh7+ Kf7 52. Qg6+ Kf8
53. Ke2 1/2-1/2